Studi sui Cicindelidi. XL. "Mémoire sur l'Eurychile" di Franco Andrea Bonelli e attuali conoscenze sul genere Therates Lattreille (<Coleoptera, Cicindelidae>) (Registro nro. 11059)

Detalles MARC
000 -CABECERA
Campo de control 006670000a22001810004500
090 ## - CLASIFICACIÓN LOCAL
Colección AR
Consecutivo 01982
041 0# - IDIOMA
Código de idioma para texto/pista de sonido o título separado
100 1# - ASIENTO PRINCIPAL--NOMBRE PERSONAL
Nombre personal Piera, F. Martín
245 10 - MENCION DE TITULO
Título Studi sui Cicindelidi. XL. "Mémoire sur l'Eurychile" di Franco Andrea Bonelli e attuali conoscenze sul genere Therates Lattreille (<Coleoptera, Cicindelidae>)
650 14 - ASIENTO SECUNDARIO DE MATERIA - TERMINO TEMATICO
Término temático o nombre geográfico como elemento de entrada Entomología
650 14 - ASIENTO SECUNDARIO DE MATERIA - TERMINO TEMATICO
Término temático o nombre geográfico como elemento de entrada Coleópteros
650 14 - ASIENTO SECUNDARIO DE MATERIA - TERMINO TEMATICO
Término temático o nombre geográfico como elemento de entrada Taxonomía animal
650 14 - ASIENTO SECUNDARIO DE MATERIA - TERMINO TEMATICO
Término temático o nombre geográfico como elemento de entrada Morfología animal
651 #4 - ASIENTO SECUNDARIO DE MATERIA - NOMBRE GEOGRAFICO
-- Italia
653 ## - TERMINO DE INDIZACION - NO CONTROLADO
-- Cicindelidae
-- Therates
773 1# - Item fuente:
Título Bollettino del Museo Regionale di Scienze Naturali Torino
Especificación de materiales 667
Descripción física 2
Paginas del Articulo 499-514
Lugar, editorial y fecha de publicación 1985
Información sobre la relación 3
942 ## - ELEMENTOS ADICIONALES (KOHA)
Tipo de ítem Artículo
Existencias
Withdrawn status Lost status Damaged status No para préstamo Colección Ubicación Permanente Ubicación actual Fecha de adquisición Fuente de Valor Datos de publicación Seriada Total Checkouts Número topográfico Inventario / Código de Barras Date last seen Ejemplar Price effective from Forma de adquisición Tipo de material
      No para Préstamo Hemeroteca Bogotá Bogotá 27/02/2015 Instituto de Ciencias Naturales Fuera de circulación   AR 01982 012356 25/03/2015 1 25/03/2015   Artículo